000 00675nam a2200193 a 4500
005 20140310183459.0
008 100324s19uu xx 00 eng d
020 _a9781584506706
050 _aQA 76.9.A25
_b.D385 2008
100 _aDavis, Steven B.
245 _aProtecting games:
_cSteven B. Davis.
_ba security handbook for game developers and publishers /
260 _aAustralia :
_bCourse Technology CENGAGE Learning,
_c2008.
300 _a398 p. :
_c25 cm.
521 _aIT
650 _aComputer games
_xHandbooks, manuals, etc.
_xsecurity problems.
650 _aComputer games
_xHandbooks, manuals, etc.
_xprotection.
942 _cBK
_2lcc
_kFOR
999 _c23809
_d23809